| 000 | 00695nam a2200217 a 4500 | ||
|---|---|---|---|
| 001 | 546 | ||
| 003 | CDMR | ||
| 005 | 20131203135739.0 | ||
| 008 | 130130s1974||||||||||||||||||||||||||||d | ||
| 040 |
_aCDMR _bcat _cCDMR |
||
| 100 | 1 |
_aCroce, María Ángela _9397 |
|
| 245 | 1 | 0 |
_aComunicazione di massa, tecniche audiovisive e società _b: una valutazione sperimentale _cMaria Angela Croce |
| 260 |
_aBologna _c1974 _bIl Mulino |
||
| 300 | _a233 p. | ||
| 490 | 0 |
_aStudi e Ricerche _v40 |
|
| 650 | 0 | 4 |
_92084 _aComunicació audiovisual |
| 650 | 0 | 4 |
_91460 _aSociologia de la comunicació |
| 650 | 0 | 4 |
_91190 _aTelevisió _xAspectes socials |
| 650 | 0 | 4 |
_9688 _aCinematografia _xAspectes socials |
| 942 |
_cMON _2udc |
||
| 999 |
_c546 _d546 |
||